History Quiz

Random History or Letter Quiz

1st Letter US Presidents 5 to 1 Quiz Stats

 Plays Quiz Updated Aug 1, 2018

Also try: 'H' Presidents
Challenge
Share
Tweet
Embed
Score 0/15 Timer 03:00
0 Plays Today
% Correct
Lincoln
90.5%
Madison
88.5%
Monroe
86.9%
Carter
86.2%
Taft
85.7%
Polk
85.6%
Truman
83.3%
Clinton
82.4%
% Correct
Coolidge
81.3%
Trump
77.5%
Taylor
73.7%
Tyler
73%
Pierce
67.9%
Cleveland
64.5%
McKinley
62.7%

You're not logged in!

Compare scores with friends on all Sporcle quizzes.
OR
Log In

You Might Also Like...

Show Comments

Extras

Top Quizzes Today


Score Distribution

Your Account Isn't Verified!

In order to create a playlist on Sporcle, you need to verify the email address you used during registration. Go to your Sporcle Settings to finish the process.

Report this User

Report this user for behavior that violates our Community Guidelines.

Details: